000
00236nam a2200097Ia 4500
001
793683
005
20250826170653.0
008
250824s9999 xx 000 0 und d
245
0
_a
SON NEFES
_c
MICHAEL PRESCOTT
260
_b
ARKADYA YAYINLARI
999
_c
793683
_d
793683